Prerod historického priemyslového areálu na Radlase v Brne ako prinavrátiť mestu a občanom územia odcudzené priemyslom

Bibliographic Details
Main Author: Riedl, Dušan (Author)
Format: Article
Language:Slovak
PhysicalDescription:Fotogr.
ISSN:1335-2180
Subjects:

MARC

LEADER 00000nab a2200000 a 4500
001 vtls000675964
003 SK-MaSNL
005 20260304090614.0
008 250425c1998 xo 0 slo
015 |a SNBRB1998/10-28624 
035 |a CLN000028136 
035 |a urn:nbn:sk:snk-abdq1h 
035 |a (urnnbn)urn:nbn:sk:snk:ar-001rno 
035 |a (uuid)5f087c6e-92b0-40f0-b2bc-9a02065aa89a 
040 |a SNKBUCL  |b slo  |c SNKBUCL  |e AACR2 
041 0 |a slo 
044 |a xo  |c SK 
080 |a 711.454(437.1/.2):721  |2 1997 
100 1 |a Riedl, Dušan  |4 aut  |9 526525 
245 1 0 |a Prerod historického priemyslového areálu na Radlase v Brne  |b ako prinavrátiť mestu a občanom územia odcudzené priemyslom  |c Dušan Riedl 
300 |b Fotogr. 
650 0 7 |a zóny mestské priemyselné  |z Brno (Česko)  |x prestavba  |x architektúra  |2 snkbucl  |9 1381925 
655 7 |a články z novín a časopisov  |2 snkbucl  |9 267496 
773 0 |t Projekt  |g Roč. 40, č. 5 (1998), s. 23-29  |x 1335-2180 
850 |a Slovenská národná knižnica 
852 |a Slovenská národná knižnica 
954 |a odborná, vedecká literatúra pôvodná (slovenská)  |2 lita 
958 |a article19 
958 |a OND 
958 |a CZ 
958 |a EUIPO 
992 |a RBX 
999 |c 2811949  |d 2813879